000 00595nam a2200217Ia 4500
003 OSt
005 20230617111234.0
008 210423s2012 xx 000 0 und d
020 _a9788120340695
040 _cAL
041 _aeng
082 _a530.12 ARUG
_223
100 _aARULDHAS (G).
_998392
245 _aQuantum mechanics: 500 problems with solutions.
260 _aNew Delhi
_bPHI Learning Pvt Ltd
_c2012
300 _axi,363
_bPB
365 _b295
_cINR
650 _aQuantum Mechanics
_998393
906 _a500 ; mechanics: ; problems ; Quantum ; solutions.
942 _2ddc
_cBK
999 _c162139
_d162139